Sprostredkovanie zamestnania po zmene sadzobníka

Vysvetlenie problematiky čo je to sprostredkovanie zamestnania za úhradu, podmienky sprostredkovania zamestnania za úhradu. Dohovor Medzinárodnej organizácie práce (MOP) č. 34/1996 o platených sprostredkovateľov práce za úhradu. Ustanovenia zákona o zamestnanosti upravujúce sprostredkovanie zamestna...

Descrizione completa

Salvato in:
Dettagli Bibliografici
Autore principale: Ferenčíková, Ľudmila
Natura: Capitolo di libro
Lingua:slovacco
Soggetti:
Tags: Aggiungi Tag
Nessun Tag, puoi essere il primo ad aggiungerne!!

MARC

LEADER 00000naa a2200000 4500
001 r037547
005 20230926082511.4
041 0 |a slo 
044 |a SK 
245 1 0 |a Sprostredkovanie zamestnania po zmene sadzobníka  |c Ľudmila Ferenčíková 
520 |a Vysvetlenie problematiky čo je to sprostredkovanie zamestnania za úhradu, podmienky sprostredkovania zamestnania za úhradu. Dohovor Medzinárodnej organizácie práce (MOP) č. 34/1996 o platených sprostredkovateľov práce za úhradu. Ustanovenia zákona o zamestnanosti upravujúce sprostredkovanie zamestnania za úhradu. 
610 2 0 |a sprostredkovanie práce 
610 2 0 |a sprostredkovatelia 
610 2 0 |a povolenia pracovné 
610 2 0 |a úpravy právne 
610 2 0 |a zamestnanosť 
610 2 0 |a zákony 
610 2 0 |a Slovensko 
610 2 0 |a MOP 
100 1 |a Ferenčíková, Ľudmila